<?xml version="1.0" encoding="UTF-8"?>
<record
    xmlns:xsi="http://www.w3.org/2001/XMLSchema-instance"
    xsi:schemaLocation="http://www.loc.gov/MARC21/slim http://www.loc.gov/standards/marcxml/schema/MARC21slim.xsd"
    xmlns="http://www.loc.gov/MARC21/slim">

  <leader>02700nam a22002537a 4500</leader>
  <controlfield tag="003">DO-SdBNP</controlfield>
  <controlfield tag="005">20220622110045.0</controlfield>
  <controlfield tag="007">ta</controlfield>
  <controlfield tag="008">210716b  2018 dr  00| 0 eng d</controlfield>
  <datafield tag="020" ind1=" " ind2=" ">
    <subfield code="a">9789945168983</subfield>
  </datafield>
  <datafield tag="040" ind1=" " ind2=" ">
    <subfield code="a">DO-SdBNP</subfield>
    <subfield code="b">spa</subfield>
    <subfield code="c">BNPHU </subfield>
  </datafield>
  <datafield tag="082" ind1=" " ind2="4">
    <subfield code="2">22</subfield>
  </datafield>
  <datafield tag="100" ind1="1" ind2=" ">
    <subfield code="a">Fern&#xE1;ndez Mart&#xED;nez, Sandra Margarita,</subfield>
    <subfield code="d">1970-</subfield>
    <subfield code="9">79264</subfield>
  </datafield>
  <datafield tag="245" ind1="1" ind2="0">
    <subfield code="a">Ensayo sobre pr&#xE1;cticas del proceso de saneamiento :</subfield>
    <subfield code="b">dirigido a estudiantes y abogados principiantes en el Derecho Inmobiliario /</subfield>
    <subfield code="c">Sandra Margarita Fern&#xE1;ndez Mart&#xED;nez ; pr&#xF3;logo Lusnelda Sol&#xED;s Taveras.</subfield>
  </datafield>
  <datafield tag="260" ind1=" " ind2=" ">
    <subfield code="a">Santo Domingo : </subfield>
    <subfield code="b">B&#xFA;ho, </subfield>
    <subfield code="c">2018.</subfield>
  </datafield>
  <datafield tag="300" ind1=" " ind2=" ">
    <subfield code="a">242 p. ;</subfield>
    <subfield code="c">23 cm.</subfield>
  </datafield>
  <datafield tag="500" ind1=" " ind2=" ">
    <subfield code="a">Incluye datos biogr&#xE1;ficos del autor en las solapas</subfield>
  </datafield>
  <datafield tag="504" ind1=" " ind2=" ">
    <subfield code="a">Bibliograf&#xED;a : p. 241-242</subfield>
  </datafield>
  <datafield tag="505" ind1="0" ind2=" ">
    <subfield code="a">Pr&#xF3;logo / Lusnelda Sol&#xED;s Taveras, 13.-- Advertencia, 17.-- Generalidades, 19.-- Significado de la palabra posesi&#xF3;n, 21.-- Definici&#xF3;n de la palabra ensayo, 22.-- Definici&#xF3;n de la Ley 108-05. Definici&#xF3;n de Sistema Torrens. Definici&#xF3;n de Saneamiento, 23.-- Definici&#xF3;n del Abogado del Estado, 24.-- Direcci&#xF3;n Nacional de Registro de T&#xED;tulos. Oficinas de Registro de T&#xED;tulos. Significado de Ley Marco, 25.-- Introducci&#xF3;n, 27.-- Ex&#xE9;gesis, 31.-- El proceso de saneamiento y tribunal competente, 37.-- Apoderamiento del Tribunal de Jurisdicci&#xF3;n Original en materia de saneamiento, 47.-- Conformaci&#xF3;n del Tribunal de Jurisdicci&#xF3;n Original, 51.-- Principios generales, 53.-- Diferencia entre deslinde, saneamiento y mensura, 61.-- De la contribuci&#xF3;n especial, 113.-- Cantidad de audiencias que se pueden celebrar en el proceso de saneamiento, 115.-- Citaciones de los colindantes, 117.-- Formas en que puede ser atacada la sentencia emitida por el Tribunal de Jurisdicci&#xF3;n Original (T.J.O.), 121.-- Dela reclamaci&#xF3;n, 123.-- Pruebas en que deben basarse las posesiones, 127.-- Las costas del procedimiento en materia de saneamiento, 129.-- De las mejoras, 131.-- Sobre la prescripci&#xF3;n, 133.-- El referimiento en el saneamiento, 135.-- Derechos de los herederos en materia de saneamiento, 141.-- &#xBF;Es obligatorio que el estado civil del reclamante sea casado para que pueda registrarse en comunidad con su pareja un inmueble objeto de saneamiento?, 157.-- Derecho de propiedad que tienen los ayuntamientos sobre los terrenos del municipio, 161.-- Papel del Abogado-Agrimensor en los procesos, 167.-- Publicidad de las actuaciones y decisiones, 169.-- Caso suigeneris (Caso &#xFA;nico). La parcela 28 del D.C. #10 del Municipio de San Ignacio de Sabaneta, Provincia Santiago Rodr&#xED;guez, 171.--</subfield>
  </datafield>
  <datafield tag="590" ind1=" " ind2=" ">
    <subfield code="a">Inventariado, 2021 /LP

</subfield>
  </datafield>
  <datafield tag="700" ind1="1" ind2=" ">
    <subfield code="a">Sol&#xED;s Taveras, Lusnelda, </subfield>
    <subfield code="e">pr&#xF3;logo</subfield>
    <subfield code="9">79265</subfield>
  </datafield>
  <datafield tag="910" ind1=" " ind2=" ">
    <subfield code="a">Lp&#xE9;rez</subfield>
  </datafield>
  <datafield tag="942" ind1=" " ind2=" ">
    <subfield code="2">ddc</subfield>
    <subfield code="c">LBS1</subfield>
  </datafield>
  <datafield tag="952" ind1=" " ind2=" ">
    <subfield code="0">0</subfield>
    <subfield code="1">0</subfield>
    <subfield code="2">ddc</subfield>
    <subfield code="5">1</subfield>
    <subfield code="7">0</subfield>
    <subfield code="8">PD</subfield>
    <subfield code="a">BNPHU</subfield>
    <subfield code="b">BNPHU</subfield>
    <subfield code="c">HD</subfield>
    <subfield code="d">2021-07-16</subfield>
    <subfield code="e">Dep&#xF3;sito Legal </subfield>
    <subfield code="o"> BNPHU PD</subfield>
    <subfield code="p">2021-25194</subfield>
    <subfield code="r">2021-07-16</subfield>
    <subfield code="w">2021-07-16</subfield>
    <subfield code="y">LBS1</subfield>
  </datafield>
  <datafield tag="952" ind1=" " ind2=" ">
    <subfield code="0">0</subfield>
    <subfield code="1">0</subfield>
    <subfield code="2">ddc</subfield>
    <subfield code="5">1</subfield>
    <subfield code="7">0</subfield>
    <subfield code="8">PD</subfield>
    <subfield code="a">BNPHU</subfield>
    <subfield code="b">BNPHU</subfield>
    <subfield code="c">HD</subfield>
    <subfield code="d">2021-07-16</subfield>
    <subfield code="e">Dep&#xF3;sito Legal </subfield>
    <subfield code="o"> BNPHU PD</subfield>
    <subfield code="p">2021-25195</subfield>
    <subfield code="r">2021-07-16</subfield>
    <subfield code="t">e.2</subfield>
    <subfield code="w">2021-07-16</subfield>
    <subfield code="y">LBS1</subfield>
  </datafield>
  <datafield tag="952" ind1=" " ind2=" ">
    <subfield code="0">0</subfield>
    <subfield code="1">0</subfield>
    <subfield code="2">ddc</subfield>
    <subfield code="5">6</subfield>
    <subfield code="7">0</subfield>
    <subfield code="8">DS</subfield>
    <subfield code="a">BNPHU</subfield>
    <subfield code="b">BNPHU</subfield>
    <subfield code="c">HD</subfield>
    <subfield code="d">2021-07-16</subfield>
    <subfield code="e">Dep&#xF3;sito Legal </subfield>
    <subfield code="o">BNPHU DS</subfield>
    <subfield code="p">2021-25196</subfield>
    <subfield code="r">2021-07-16</subfield>
    <subfield code="t">e.3</subfield>
    <subfield code="w">2021-07-16</subfield>
    <subfield code="y">LBS1</subfield>
  </datafield>
  <datafield tag="952" ind1=" " ind2=" ">
    <subfield code="0">0</subfield>
    <subfield code="1">0</subfield>
    <subfield code="2">ddc</subfield>
    <subfield code="5">6</subfield>
    <subfield code="7">0</subfield>
    <subfield code="8">DS</subfield>
    <subfield code="a">BNPHU</subfield>
    <subfield code="b">BNPHU</subfield>
    <subfield code="c">CT</subfield>
    <subfield code="d">2022-06-22</subfield>
    <subfield code="e">Donaci&#xF3;n</subfield>
    <subfield code="l">0</subfield>
    <subfield code="o">BNPHU</subfield>
    <subfield code="p">2022-3134</subfield>
    <subfield code="r">2022-06-22</subfield>
    <subfield code="t">e.4</subfield>
    <subfield code="w">2022-06-22</subfield>
    <subfield code="y">LBS1</subfield>
  </datafield>
  <datafield tag="952" ind1=" " ind2=" ">
    <subfield code="0">0</subfield>
    <subfield code="1">0</subfield>
    <subfield code="2">ddc</subfield>
    <subfield code="5">6</subfield>
    <subfield code="7">0</subfield>
    <subfield code="8">DS</subfield>
    <subfield code="a">BNPHU</subfield>
    <subfield code="b">BNPHU</subfield>
    <subfield code="c">CT</subfield>
    <subfield code="d">2022-06-22</subfield>
    <subfield code="e">Donaci&#xF3;n</subfield>
    <subfield code="l">0</subfield>
    <subfield code="o">BNPHU</subfield>
    <subfield code="p">2022-3135</subfield>
    <subfield code="r">2022-06-22</subfield>
    <subfield code="t">e.5</subfield>
    <subfield code="w">2022-06-22</subfield>
    <subfield code="y">LBS1</subfield>
  </datafield>
  <datafield tag="999" ind1=" " ind2=" ">
    <subfield code="c">50128</subfield>
    <subfield code="d">50128</subfield>
  </datafield>
</record>
